000 00604nam a2200169 4500
001 138165
003 ES-MaACL
005 20230906195521.0
007 t|
008 070214s1982 sp r ||||1| spa d
100 1 _aSánchez-Rojas Fenoll, María del Carmen.
_9102896
245 1 3 _aEl escultor Nicolás de Bussy /
_cMaría del Carmen Sánchez-Rojas Fenoll.
260 _aMurcia :
_bUniversidad, Departamento de Historia del Arte,
_c1982.
300 _a132 p., 36 lám. ;
_c22 cm.
710 2 _aUniversidad de Murcia.
_bDepartamento de Historia del Arte.
_97237
852 _aES-MaACL
_jL-5151
_bR.105304
999 _c138165
_d138165